00321nam a2200121Ia 4500008004100000041000800041082001500049100001900064245004100083260003300124300003100157365001100188240624s9999 xx 000 0 und d aeng a332.75 SUB aSUBBULAKSHMI V aBANKRUPTCY FINANCING AN INTRODUCTION c2005aHyderabadbICFAI press avii, : 182 : p. : cm. ; 23 cRSb50